| 000 | 00555nam a2200193Ia 4500 | ||
|---|---|---|---|
| 008 | 240509s9999 xx 000 0 und d | ||
| 020 | _a9786249636804 | ||
| 041 | _aEng | ||
| 082 | _a001.4 | ||
| 082 | _bJ19 | ||
| 100 | _aJAYAWARDENA,RANIL; FRANCIS,TORMALLI V. | ||
| 245 | 0 | _aAdvancing the Ranking of University of Colombo through Research - a Practical Guide | |
| 260 | _bColombo:Health and Wellness Unit,Faculty of Medicine,University of Colombo | ||
| 260 | _c2020 | ||
| 300 | _a97 p. | ||
| 650 | _aResearch | ||
| 942 | _2ddc | ||
| 942 | _cRBK | ||
| 999 |
_c22488 _d22488 |
||
| 945 |
_a1 _bMadushi Gamage _c1 _dMadushi Gamage |
||